Odgadnij imię tego piłkarza #4 - Statystyki

Ogólne statystyki
  • Ten quiz został rozwiązany 96 razy
  • Średni wynik to 11 z 15
Statystyki odpowiedzi
Nazwisko (klub) Imię % Poprawnych
Pogba (Juventus) Paul
99%
Mane Sadio
96%
Kimmich Joshua
89%
Alexander-Arnold Trent
89%
Trapp Kevin
81%
Saka (Arsenal) Bukayo
80%
Odegaard Martin
78%
Osimhen Victor
76%
Hakimi (PSG) Achraf
75%
Fekir (Real Betis) Nabil
74%
Courtois Thibaut
74%
Partey Thomas
72%
Politano Matteo
55%
Kent Ryan
54%
Tavernier James
46%
Nie znaleziono quizów pasujących do podanych kryteriów
Rozkład punktacji
Procent ludzi z każdym wynikiem
Percentyl według liczby udzielonych odpowiedzi
Twoja historia wyników
Nie rozwiązałeś tego quizu